Implicaciones de la nueva política económica / (Registro nro. 18284)
[ vista simple ]
| 000 -CABECERA | |
|---|---|
| campo de control de longitud fija | 01074nam a2200229 4500 |
| 003 - IDENTIFICADOR DEL NÚMERO DE CONTROL | |
| campo de control | DO-SdUEMH |
| 005 - FECHA Y HORA DE LA ÚLTIMA TRANSACCIÓN | |
| campo de control | 20260106140327.0 |
| 007 - CAMPO FIJO DE DESCRIPCIÓN FÍSICA--INFORMACIÓN GENERAL | |
| campo de control de longitud fija | ta |
| 008 - DATOS DE LONGITUD FIJA--INFORMACIÓN GENERAL | |
| campo de control de longitud fija | 260106b |||||||| |||| 00| 0 spa d |
| 040 ## - FUENTE DE LA CATALOGACIÓN | |
| Centro catalogador/agencia de origen | DO-SdUEMH |
| Lengua de catalogación | spa |
| Normas de descripción | rda |
| 041 ## - CÓDIGO DE LENGUA | |
| Código de lengua del texto/banda sonora o título independiente | spa |
| 082 14 - NÚMERO DE LA CLASIFICACIÓN DECIMAL DEWEY | |
| Colección | Colección Dominicana |
| 245 10 - MENCIÓN DE TÍTULO | |
| Título | Implicaciones de la nueva política económica / |
| Mención de responsabilidad, etc. | editor Frank Moya Pons ; expositores: Frederick Bergés, Mario Cabrera, José Israel Cuello |
| 264 01 - PRODUCCIÓN, PUBLICACIÓN, DISTRIBUCIÓN, FABRICACIÓN Y COPYRIGHT | |
| Lugar de producción, publicación, distribución, fabricación | Santo Domingo, República Dominicana : |
| Nombre del de productor, editor, distribuidor, fabricante | Forum, |
| Fecha de producción, publicación, distribución, fabricación o copyright | 1982 |
| 300 ## - DESCRIPCIÓN FÍSICA | |
| Extensión | 111 paginas ; |
| Dimensiones | 22 cm. |
| 336 ## - TIPO DE CONTENIDO | |
| Fuente | rdacontent |
| Término de tipo de contenido | texto |
| Código de tipo de contenido | txt |
| 337 ## - TIPO DE MEDIO | |
| Fuente | rdamedia |
| Nombre del tipo de medio | sin mediación |
| Código del tipo de medio | n |
| 338 ## - TIPO DE SOPORTE | |
| Fuente | rdacarrier |
| Nombre del tipo de soporte | volumen |
| Código del tipo de soporte | nc |
| 490 ## - MENCIÓN DE SERIE | |
| Mención de serie | Forum ; |
| Designación de volumen o secuencia | 6 |
| 505 ## - NOTA DE CONTENIDO CON FORMATO | |
| Nota de contenido con formato | Presentación -- Introducción / Rafael Herrera -- Implicaciones macroeconómicas de la nueva política económica / Frederich E. Bergés -- Debate -- Implicaciones que para el empresariado nacional tiene la nueva política económica / Mario Cabrera -- Debate -- Implicaciones económicas y sociales de la nueva política económica / José Israel Cuello -- Debate. |
| 942 ## - ELEMENTOS DE PUNTO DE ACCESO ADICIONAL (KOHA) | |
| Fuente del sistema de clasificación o colocación | Dewey Decimal Classification |
| Suprimir en OPAC | No |
| Tipo de ítem Koha | Libro |
No hay ítems disponibles.




